| 000 | 00563nam a2200193 i 4500 | ||
|---|---|---|---|
| 001 | 31710 | ||
| 003 | ES-MaACL | ||
| 005 | 20230906154429.0 | ||
| 007 | t| | ||
| 008 | 030130s1982 sp a |||| |dspa d | ||
| 100 | 1 |
_aBengoechea, Ismael. _927568 |
|
| 245 | 1 | 0 |
_aTeresa y las gentes / _cIsmael Bengoechea. |
| 260 |
_aCádiz : _bCarmelitas Descalzos, _c[1982] |
||
| 300 |
_a399 p. : _bil. ; _c21 cm. |
||
| 600 | 0 | 0 |
_aTeresa de Jesús, _cSanta, _d1515-1582 _9226510 |
| 710 | 2 |
_aCarmelitas Descalzos. _92445 |
|
| 852 |
_aES-MaACL _jL-3695 |
||
| 999 |
_c31710 _d31710 |
||